|
|
|
|
| LEADER |
00935nam a2200253 a 4500 |
| 001 |
28729 |
| 003 |
BD-DhAAL |
| 005 |
20141231122001.0 |
| 008 |
141231t20051997enk 000 1 eng d |
| 020 |
|
|
|a 9780099273936
|
| 040 |
|
|
|a DLC
|c DLC
|d DLC
|d OCoLC
|d DLC
|d BD-DhAAL
|
| 082 |
0 |
0 |
|a 813/.54
|2 19
|
| 100 |
1 |
|
|a Morrison, Toni.
|9 7007
|
| 245 |
1 |
0 |
|a Beloved /
|c by Toni Morrison.
|
| 260 |
|
|
|a London :
|b Vintage,
|c c1997 [2005].
|
| 300 |
|
|
|a xiii, 321 p. ;
|c 20 cm.
|
| 541 |
1 |
|
|e 28729
|
| 650 |
|
0 |
|a African American women
|v Fiction.
|9 5710
|
| 650 |
|
0 |
|a Women slaves
|v Fiction.
|9 7051
|
| 650 |
|
0 |
|a Infanticide
|v Fiction.
|9 7052
|
| 651 |
|
0 |
|a Ohio
|v Fiction.
|9 7010
|
| 942 |
|
|
|2 ddc
|c BK
|
| 999 |
|
|
|c 33368
|d 33368
|
| 952 |
|
|
|0 0
|1 0
|2 ddc
|4 0
|6 813_540000000000000_MOR
|7 0
|9 44582
|a BRACUL
|b BRACUL
|c GEN
|d 2014-12-31
|e BRAC Institute of Language (BIL)
|l 11
|m 46
|o 813.54 MOR
|p 3010028729
|r 2026-05-04
|s 2026-04-27
|t 1
|w 2014-12-31
|y BK
|x Transferred from BIL to BRACUL on 06/06/22
|